000 01020cam a2200301 a 4500
003 OSt
005 20140310184518.0
008 930325s1994 nyua j 000 1 eng
010 _a 93007870
020 _a059045742X :
_c$13.95
040 _aDLC
_cDLC
_dDLC
042 _alcac
050 0 0 _aPZ 7
_b.W8606Mag 1994
100 1 _aWoodruff, Elvira.
_95590
245 1 4 _aThe magnificent mummy maker /
_cElvira Woodruff.
260 _aNew York :
_bScholastic,
_c1994.
300 _a132 p. :
_bill. ;
_c22 cm
521 _aG6
526 _c800
650 1 _aStepfamilies
_xFiction.
_929649
650 1 _aBrothers and sisters
_xFiction.
_929650
650 1 _aMummies
_xFiction.
_929651
650 1 _aSchools
_xFiction.
_929652
906 _a7
_bcbc
_corignew
_d1
_eocip
_f19
_gy-gencatlg
942 _2lcc
_cBK-SCHOLAS
999 _c34990
_d34990